|
|
|
|
| LEADER |
00000nam0a2200000 4500 |
| 001 |
210958 |
| 005 |
20231101225638.0 |
| 035 |
|
|
|a (RuTPU)RU\TPU\book\230416
|
| 090 |
|
|
|a 210958
|
| 100 |
|
|
|a 20120306d1965 k y0rusy50 ca
|
| 101 |
0 |
|
|a rus
|
| 102 |
|
|
|a RU
|
| 105 |
|
|
|a a z 001zy
|
| 200 |
1 |
|
|a Слоистые анизотропные пластинки и оболочки из армированных пластмасс
|f В. И. Королев
|
| 210 |
|
|
|a Москва
|c Машиностроение
|d 1965
|
| 215 |
|
|
|a 272 с.
|c ил.
|
| 320 |
|
|
|a Библиогр.: с. 267-268.
|
| 606 |
1 |
|
|a Строительные конструкции
|x Анизотропные материалы
|x Деформация
|2 stltpush
|3 (RuTPU)RU\TPU\subj\71722
|9 85505
|
| 606 |
1 |
|
|a Пластмассы армированные
|x Обработка
|2 stltpush
|3 (RuTPU)RU\TPU\subj\49161
|9 67972
|
| 610 |
1 |
|
|a анизотропные оболочки
|
| 610 |
1 |
|
|a анизотропные пластины
|
| 610 |
1 |
|
|a техническая теория
|
| 610 |
1 |
|
|a цилиндрический изгиб
|
| 610 |
1 |
|
|a осесимметричный изгиб
|
| 610 |
1 |
|
|a устойчивость
|
| 610 |
1 |
|
|a анизотропные слоистые пластины
|
| 610 |
1 |
|
|a цилиндрические оболочки
|
| 610 |
1 |
|
|a стеклопластики
|
| 610 |
1 |
|
|a непрерывная намотка
|
| 610 |
1 |
|
|a оптимальные методы
|
| 610 |
1 |
|
|a осесимметричное нагружение
|
| 610 |
1 |
|
|a краевые эффекты
|
| 610 |
1 |
|
|a ортотропные оболочки вращения
|
| 610 |
1 |
|
|a локально-распределительные осевые силы
|
| 675 |
|
|
|a 624.012
|v 3
|
| 675 |
|
|
|a 678.5.067
|v 3
|
| 700 |
|
1 |
|a Королев
|b В. И.
|g Василий Иванович
|
| 801 |
|
1 |
|a RU
|b 63413507
|c 20120306
|
| 801 |
|
2 |
|a RU
|b 63413507
|c 20120912
|g RCR
|
| 942 |
|
|
|c BK
|